000 00522nam a2200169 4500
008 050517s1989 -hk chi
020 _z962366009X :HK18/15.30/Php101.55.
090 _aBV3797
_bSu7p
100 0 _aSung, John
245 1 0 _aPei ling message {ch} /
_cJohn Sung.
250 _a6th ed.
260 _aHong Kong :
_bThe Bellman House,
_c1989.
300 _a81 p.
600 1 4 _aSung, John,
_d1901-1944 {ch}.
650 4 _aSermons {ch}.
951 _pC-7611
_x00033401
_oBV3797/Su7p
_j070613111556578
_d2000-12-21
_cCH
999 _c26802
_d26802